| 000 | 01334nam a22003737a 4500 | ||
|---|---|---|---|
| 001 | 307 | ||
| 003 | FISKH | ||
| 005 | 20241023112836.0 | ||
| 008 | 230317b cb ||||| |||| 00| 0 eng d | ||
| 020 | _a9780007348695 | ||
| 040 |
_aIG$ _beng _cIG$ _erda _dIG$ _dDLC _dFISKH |
||
| 042 | _alccopycat | ||
| 050 | 0 | 0 |
_aPZ8.3.G276 _bCat 2015 |
| 082 | 0 | 4 |
_a813.54 _223 |
| 100 | 1 |
_aGeisel, Theodor _cDr., _eauthor, _eillustrator. _qTheodor Seuss Geisel |
|
| 245 | 1 | 4 |
_aThe Cat in the Hat / _cby Dr. Seuss. |
| 260 |
_aNew York : _bHarper Collins, _c2016. |
||
| 300 |
_a32 leaves of plates _bcolor illustrations ; _c28 cm. |
||
| 338 |
_avolume _bnc _2rdacarrier |
||
| 505 | _aH | ||
| 520 | _aTwo children sitting at home on a rainy day are visited by the Cat in the Hat who shows them some tricks and games. | ||
| 521 | 8 |
_a430
_bLexile |
|
| 521 | 8 |
_aH
_bRaz-Plus |
|
| 650 | 0 |
_aCats _vJuvenile fiction. |
|
| 650 | 7 |
_aCats. _2fast _0(OCoLC)fst00849374 |
|
| 650 | 7 |
_aStories in rhyme. _2fast _0(OCoLC)fst01739131 |
|
| 651 | 1 |
_aCats _vFiction. |
|
| 655 | 0 | _aStories in rhyme. | |
| 655 | 7 |
_aFiction. _2fast _0(OCoLC)fst01423787 |
|
| 655 | 7 |
_aJuvenile works. _2fast _0(OCoLC)fst01411637 |
|
| 906 |
_a7 _bcbc _ccopycat _d2 _encip _f20 _gy-gencatlg |
||
| 942 |
_2ddc _cBK _n0 |
||
| 999 |
_c307 _d307 |
||